Normal view
MARC view
Entry Personal Name
001 - CONTROL NUMBER
- control field: 252171
003 - CONTROL NUMBER IDENTIFIER
- control field: OSt
005 - DATE AND TIME OF LATEST TRANSACTION
- control field: 20260122101904.0
008 - FIXED-LENGTH DATA ELEMENTS
- fixed length control field: 260122|| aca||aabn | a|a d
040 ## - CATALOGING SOURCE
- Original cataloging agency: OSt
- Transcribing agency: OSt
100 ## - HEADING--PERSONAL NAME
- Personal name: Sushanto Mitra
670 ## - SOURCE DATA FOUND
- Source citation: Work cat.: (OSt)240810: Dhruv Nath 252170, Funding your start up and other nightmares, 2025